000 00865nam a2200265 a 4500
001 BRCA_5662
005 20190320205155.0
008 040211s1963----nyua######---#000-0#eng-#
041 _aeng
044 _anyu
050 4 _aN5963
_b.C56 1963
245 1 0 _aThe Cloisters
_bthe Building and the Collection of Medieval Art in Fort Tryon Park
_cpreface by James J. Rorimer.
250 _a30
260 _aNueva York
_bMetropolitan Museum of Art
_c1963
300 _ax, 212 p.
_bil., 100 láminas
_c22 cm.
500 _aVer tambien E39 (1951) y E41 (1946)
500 _aY11
650 1 4 _aArte medieval
_vExposiciones
_912983
650 1 4 _aClaustros (Arquitectura)
_911015
650 1 4 _aGalerías y museos
_zEstados Unidos
_97437
700 1 _aRorimer, James J.
_911012
710 2 _aMetropolitan Museum of Art (Nueva York)
_97537
902 _aGFM
942 _2lcc
_cB
999 _c5355
_d5355